000 00846nam a22002777a 4500
003 CHAP
005 20220817041620.0
008 971013s r 00010 d
010 _a19767
011 _a20739
035 _a24827
040 _cCHAP
082 _a633.1
_bC4b
110 _aCentro Internacional de Mejoramiento de Maíz y Trigo
245 _aResults of the international barley observation nursery
260 _aMéxico :
_b(El Centro),
_c19 -
300 _av.
500 _aLa biblioteca tiene: 1974-77
590 _aBATCH-UPD
_b10
_c20130110
_lUCH01
_h1855
590 _aCONVERSION
_b10
_c20130109
_lUCH01
_h1312
650 1 4 _aCebada
_xMejoramiento.
_920695
650 1 4 _aCebada
_xRendimiento.
_920707
901 _aBK
942 _cLIBRO
949 _a633.1 C4b
_bBC
_cLIBRO
_d33724000192969
_eLIBRO
_f1974-75
_h60530
_i24827
_mD
_si
999 _c19767
_d19767